书目信息 |
| 题名: |
信息管理学
|
|
| 作者: | 陈戈止 编著 | |
| 分册: | ||
| 出版信息: | 成都 西南财经大学出版社 2005 |
|
| 页数: | 422页 | |
| 开本: | 24cm | |
| 丛书名: | 工商管理系列教材 | |
| 单 册: | ||
| 中图分类: | G203 | |
| 科图分类: | ||
| 主题词: | 信息管理 | |
| 电子资源: | ||
| ISBN: | 7-81088-358-5 | |
| 000 | 00931nam0 2200253 450 | |
| 001 | TSC-171571 | |
| 005 | 20061220093414.82 | |
| 010 | @a7-81088-358-5@dCNY39.80 | |
| 100 | @a20060829d2005 ekmy0chiy0120 ea | |
| 101 | 0 | @achi |
| 102 | @aCN@b110000 | |
| 105 | @aa a 000yy | |
| 200 | 1 | @a信息管理学@AXin Xi Guan Li Xue@f陈戈止编著@FChen Ge Zhi Bian Zhu |
| 210 | @a成都@c西南财经大学出版社@d2005 | |
| 215 | @a422页@c图@d24cm | |
| 225 | 2 | @a工商管理系列教材 |
| 320 | @a有书目 (第422页) | |
| 330 | @a信息管理学作为一门新兴的综合性管理学科,本书内容主要侧重于研究组织系统内部和外部的信息流动、开发、转换、处理、储存、传递和利用。首先较为详尽地介绍了信息和系统的基本概念和知识,然后围绕着信息资源及信息资源管理展开,并针对信息资源的管理。 | |
| 410 | 0 | @12001 @a工商管理系列教材 |
| 606 | 0 | @a信息管理 |
| 690 | @aG203@v4 | |
| 701 | 0 | @a陈戈止@AChen Ge Zhi@4编著 |
| 801 | 0 | @aCN@b中图数据@c20061220 |
| 905 | @a10447@dG203@e201 | |
| 信息管理学/陈戈止编著.-成都:西南财经大学出版社,2005 |
| 422页:图;24cm.-(工商管理系列教材) |
| ISBN 7-81088-358-5:CNY39.80 |
| 信息管理学作为一门新兴的综合性管理学科,本书内容主要侧重于研究组织系统内部和外部的信息流动、开发、转换、处理、储存、传递和利用。首先较为详尽地介绍了信息和系统的基本概念和知识,然后围绕着信息资源及信息资源管理展开,并针对信息资源的管理。 |
| ● |
| 相关链接 |
|
|
|
|
正题名:信息管理学
索取号:G203/201
 
预约/预借
| 序号 | 登录号 | 条形码 | 馆藏地/架位号 | 状态 | 备注 |
| 1 | 0604607 | 206046072 | 第一样本阅览室/ [索取号:G203/201] | 在馆 | |
| 2 | 0604608 | 206046081 | 第四借阅区/ [索取号:G203/201] | 在馆 | |
| 3 | 0604609 | 206046090 | 第四借阅区/ [索取号:G203/201] | 在馆 | |
| 4 | 0604610 | 206046107 | 第四借阅区/ [索取号:G203/201] | 在馆 | |
| 5 | 0604611 | 206046116 | 第四借阅区/ [索取号:G203/201] | 在馆 |